00401nam a2200145Ia 450000500170000000800410001702000240005804000140008204100060009608200130010210000200011524500610013526000440019630000150024020240820152223.0210805s9999 xx a a 000 1 und d a9781452107929"qhbk aRDAcOCLC 2E aEJF MOOR aMoore, Julainne 0aMy Mom is a foreigner, but not to mecby Julianne Moore. aSan Francisco;bChronicle books;c2013. c30 x 24 cm